000 nam a22 7a 4500
999 _c10890
_d10890
008 180308b ||||| |||| 00| 0 eng d
100 _aSingh,A.P.
_96472
245 _aCCE Mathematics-IX
260 _aNew Delhi
_bS. Dinesh
_c2013